000 00525nam a2200205Ia 4500
003 OSt
005 20220926043826.0
006 a|||||r|||| 00| 0
007 ta
008 220923b |||||||| |||| 00| 0 eng d
037 _cGeneral Book
040 _aRTL
_cRTL
_beng
041 _2eng
_aeng
082 _aY1, K24
100 _aWeber Max
_922368
245 0 _aBasic concepts in sociology tr by H P Secher
650 _aEssay Sociology
942 _hY1, K24
_cGB
_2CC
999 _c673308
_d673308